| 000 | 01489nam a22003614a 4500 | ||
|---|---|---|---|
| 001 | ebr10277773 | ||
| 003 | CaPaEBR | ||
| 006 | m u | ||
| 007 | cr cn||||||||| | ||
| 008 | 060316s2006 wiuab sb s001 0 eng | ||
| 010 | _z 2006008875 | ||
| 020 | _z0299218708 (cloth : alk. paper) | ||
| 020 | _z9780299218706 (cloth : alk. paper) | ||
| 040 |
_aCaPaEBR _cCaPaEBR |
||
| 035 | _a(OCoLC)318453548 | ||
| 043 | _an-us-wi | ||
| 050 | 1 | 4 |
_aHE8697.95.U6 _bD38 2006eb |
| 082 | 0 | 4 |
_a384.5409775/83 _222 |
| 100 | 1 |
_aDavidson, Randall, _d1959- |
|
| 245 | 1 | 0 |
_a9XM talking _h[electronic resource] : _bWHA Radio and the Wisconsin idea / _cRandall Davidson. |
| 246 | 3 | _aNine XM talking | |
| 246 | 3 | 0 | _aWHA Radio and the Wisconsin idea |
| 260 |
_aMadison, Wis. : _bUniversity of Wisconsin Press, Terrace Books, _cc2006. |
||
| 300 |
_axv, 405 p. : _bill., map. |
||
| 504 | _aIncludes bibliographical references (p. 381-384) and indexes. | ||
| 533 |
_aElectronic reproduction. _bPalo Alto, Calif. : _cebrary, _d2013. _nAvailable via World Wide Web. _nAccess may be limited to ebrary affiliated libraries. |
||
| 610 | 2 | 0 |
_aWHA (Radio station : Madison, Wis.) _xHistory. |
| 650 | 0 |
_aPublic radio _zWisconsin _xHistory. |
|
| 650 | 0 |
_aEducational radio stations _zWisconsin _xHistory. |
|
| 655 | 7 |
_aElectronic books. _2local |
|
| 710 | 2 | _aebrary, Inc. | |
| 856 | 4 | 0 |
_uhttp://site.ebrary.com/lib/rucke/Doc?id=10277773 _zAn electronic book accessible through the World Wide Web; click to view |
| 999 |
_c19785 _d19785 |
||